One Direction- What Makes You Beautiful (Lyrics) - Statistics

General Stats
  • This quiz has been taken 3,642 times
    3,637 since last reset
  • The average score is 40 of 46
Answer Stats
Hint Answer % Correct
you light
97%
up my world like
97%
everyone else in the room
97%
to cover up
97%
oh oh you don't
96%
can see it everyone
96%
you don't know
96%
through the door
95%
don't know what for
95%
don't need make-up
95%
nobody else the
95%
else but you baby
94%
that you are is enough
94%
You're insecure
94%
when you walk
94%
but when you smile
93%
hard to tell
93%
being the way
92%
what makes you beautiful
91%
way that you flip
91%
you're turning heads
91%
your hair gets me overwhelmed
91%
you don't know your
89%
right now I'm looking
88%
what I can see
88%
beautiful oh oh that's
88%
at you and
87%
I don't know why
85%
at the ground it ain't
84%
I can't believe
84%
you're being shy
84%
you'll understand why I want
84%
so c-come on
83%
type the title of this song! What Makes You Beautiful
83%
you got it wrong
83%
know your beautiful if
82%
to prove I'm right
82%
when I look into
81%
you so desperately
80%
I put it in a song
80%
you don't know oh oh
79%
na na na na na na na na na
77%
na na na na na na
77%
and turn away
75%
only you saw
75%
your eye eye eyes
55%
No matching quizzes found
Score Distribution
Percent of People with Each Score
Percentile by Number Answered
Your Score History
You have not taken this quiz since the last reset